[Event "Santander Departamental-ch"]
[Site "Santander"]
[Date "2013.12.01"]
[Round "8"]
[White "Velez Rueda, Juan Diego"]
[Black "Camargo Zuniga, Nicolas"]
[Result "1-0"]
[WhiteElo "1622"]
[BlackElo "1882"]
[PlyCount "53"]
[EventDate "2013.11.28"]
[EventType "swiss"]
[EventRounds "8"]
[EventCountry "COL"]
[SourceTitle "CBM 157 Extra"]
[Source "ChessBase"]
[SourceDate "2013.12.19"]
[SourceVersion "1"]
[SourceVersionDate "2013.12.19"]
[SourceQuality "1"]

1. d4 d5 2. c4 e6 3. Nc3 Nf6 4. Nf3 Be7 5. e3 c6 6. Qc2 Nbd7 7. b3 Qc7 8. Bb2 b6 9. Bd3 Bb7 10. 0-0 g6 11. Rac1 Bd6 12. cxd5 exd5 13. Nb5 Qb8 14. Nxd6+ Qxd6 15. e4 dxe4 16. Bxe4 Rc8 17. Rfe1 0-0 18. Ne5 Nxe4 19. Qxe4 Rfe8 20. Nc4 Rxe4 21. Nxd6 Rxe1+ 22. Rxe1 Rc7 23. Re8+ Nf8 24. Nxb7 Rxb7 25. Ba3 c5 26. dxc5 Rd7 27. g3 1-0

[Event "Santander Departamental-ch"]
[Site "Santander"]
[Date "2013.11.29"]
[Round "2"]
[White "Sepulveda, Lyda Marcela"]
[Black "Camargo Zuniga, Nicolas"]
[Result "0-1"]
[WhiteElo "1538"]
[BlackElo "1882"]
[PlyCount "50"]
[EventDate "2013.11.28"]
[EventType "swiss"]
[EventRounds "8"]
[EventCountry "COL"]
[SourceTitle "CBM 157 Extra"]
[Source "ChessBase"]
[SourceDate "2013.12.19"]
[SourceVersion "1"]
[SourceVersionDate "2013.12.19"]
[SourceQuality "1"]

1. e4 c5 2. Nf3 d6 3. d4 cxd4 4. Nxd4 Nf6 5. Nc3 e6 6. Bd3 Be7 7. Be3 Nc6 8. Nxc6 bxc6 9. f3 Bb7 10. Qd2 Qc7 11. 0-0-0 0-0 12. g4 a5 13. a3 Ba6 14. g5 Nd7 15. f4 a4 16. e5 d5 17. h4 Bc5 18. h5 Bxe3 19. Qxe3 Bxd3 20. Rxd3 Qb6 21. Qh3 Rfb8 22. Qg2 Nc5 23. Rg3 d4 24. g6 dxc3 25. bxc3 Ne4 0-1

[Event "Bucaramanga Feria op 2nd"]
[Site "Bucaramanga"]
[Date "2013.09.22"]
[Round "7"]
[White "Gonzalez Suarez, Nelson"]
[Black "Camargo Zuniga, Nicolas"]
[Result "0-1"]
[WhiteElo "1572"]
[BlackElo "1880"]
[PlyCount "50"]
[EventDate "2013.09.20"]
[EventType "swiss"]
[EventRounds "7"]
[EventCountry "COL"]
[SourceTitle "CBM 156 Extra"]
[Source "ChessBase"]
[SourceDate "2013.10.22"]
[SourceVersion "1"]
[SourceVersionDate "2013.10.22"]
[SourceQuality "1"]

1. d4 d5 2. Nf3 e6 3. e3 Nf6 4. Bd3 g6 5. 0-0 Bg7 6. Ne5 0-0 7. f4 a6 8. c4 c6 9. cxd5 cxd5 10. Nc3 Nc6 11. Nxc6 bxc6 12. e4 dxe4 13. Bxe4 Nxe4 14. Nxe4 Bxd4+ 15. Kh1 Bg7 16. Qa4 Qb6 17. Rb1 Qb5 18. Qd1 Qc4 19. Nc3 Bb7 20. Bd2 Rad8 21. Qc2 c5 22. b3 Qd3 23. Qxd3 Rxd3 24. Be1 Bxc3 25. Bxc3 Rxc3 0-1

[Event "Santander op"]
[Site "Santander"]
[Date "2011.12.19"]
[Round "5"]
[White "Salamanca, William Alex"]
[Black "Camargo Zuniga, Nicolas"]
[Result "1-0"]
[WhiteElo "1941"]
[BlackElo "1925"]
[PlyCount "63"]
[EventDate "2011.12.17"]
[EventType "swiss"]
[EventRounds "9"]
[EventCountry "COL"]
[SourceTitle "CBM 146 Extra"]
[Source "ChessBase"]
[SourceDate "2012.02.29"]
[SourceVersion "1"]
[SourceVersionDate "2012.02.29"]
[SourceQuality "1"]

1. e4 c5 2. Nf3 d6 3. d4 cxd4 4. Nxd4 e6 5. c4 Nc6 6. Nc3 Nf6 7. Be2 Be7 8. Be3 0-0 9. f4 g6 10. 0-0 Ne8 11. Bf3 Bd7 12. Nxc6 bxc6 13. e5 d5 14. Qd2 Ng7 15. g4 Qc7 16. Rad1 Rab8 17. cxd5 cxd5 18. Bxd5 Rfd8 19. Bb3 Ba4 20. Qf2 Bxb3 21. axb3 Rxb3 22. Ne4 Rdd3 23. Rxd3 Rxd3 24. Bxa7 Qd8 25. Qb6 Qxb6+ 26. Bxb6 Rb3 27. Bd4 Rb4 28. Rd1 Kf8 29. Nf6 h5 30. h3 h4 31. Kg2 Rb3 32. Rc1 1-0

[Event "Santander op"]
[Site "Santander"]
[Date "2011.12.18"]
[Round "3"]
[White "Perez Javaloyes, Andres Carlos"]
[Black "Camargo Zuniga, Nicolas"]
[Result "0-1"]
[WhiteElo "1600"]
[BlackElo "1925"]
[PlyCount "60"]
[EventDate "2011.12.17"]
[EventType "swiss"]
[EventRounds "9"]
[EventCountry "COL"]
[SourceTitle "CBM 146 Extra"]
[Source "ChessBase"]
[SourceDate "2012.02.29"]
[SourceVersion "1"]
[SourceVersionDate "2012.02.29"]
[SourceQuality "1"]

1. e4 c5 2. Nf3 d6 3. d4 cxd4 4. Nxd4 Nf6 5. Nc3 a6 6. f3 Nc6 7. Nxc6 bxc6 8. Be3 e6 9. Qd2 Be7 10. 0-0-0 0-0 11. g4 Qc7 12. h4 Ne8 13. g5 a5 14. h5 a4 15. g6 Bf6 16. gxh7+ Kxh7 17. Bd3 Kh8 18. f4 a3 19. b3 Qa5 20. Na4 Qxd2+ 21. Rxd2 Bb7 22. Nb6 Rd8 23. Rg2 c5 24. h6 g6 25. Rg4 Bb2+ 26. Kb1 Nf6 27. Rg5 Bxe4 28. Rd1 Bf5 29. Nc4 Nd5 30. Nxb2 Nc3+ 0-1

[Event "Santander op"]
[Site "Santander"]
[Date "2011.12.17"]
[Round "1"]
[White "Loaiza Valdes, Cesar"]
[Black "Camargo Zuniga, Nicolas"]
[Result "0-1"]
[WhiteElo "1595"]
[BlackElo "1925"]
[PlyCount "120"]
[EventDate "2011.12.17"]
[EventType "swiss"]
[EventRounds "9"]
[EventCountry "COL"]
[SourceTitle "CBM 146 Extra"]
[Source "ChessBase"]
[SourceDate "2012.02.29"]
[SourceVersion "1"]
[SourceVersionDate "2012.02.29"]
[SourceQuality "1"]

1. e4 c5 2. Nf3 d6 3. d4 cxd4 4. Nxd4 Nf6 5. f3 g6 6. Be3 Bg7 7. Qd2 0-0 8. Nc3 Nc6 9. 0-0-0 d5 10. Nxc6 bxc6 11. exd5 cxd5 12. Nxd5 Nxd5 13. Qxd5 Qc7 14. Qc5 Qb7 15. Bd4 Bf5 16. Qc3 Rac8 17. Bc4 Bh6+ 18. Kb1 Be6 19. Qb3 Qxb3 20. Bxb3 Bxb3 21. axb3 Rc7 22. c4 f6 23. Rd3 Rd8 24. Rhd1 Rcd7 25. Kc2 Rc7 26. Bc3 Rxd3 27. Rxd3 a6 28. Bb4 Kf7 29. c5 a5 30. Ba3 Bf4 31. g3 Bd6 32. b4 axb4 33. Bxb4 Bxc5 34. Bxc5 Rxc5+ 35. Rc3 Rxc3+ 36. Kxc3 Ke6 37. Kc4 Kd6 38. b4 e5 39. Kb5 f5 40. Ka6 e4 41. fxe4 fxe4 42. b5 e3 43. b6 e2 44. b7 e1Q 45. b8Q+ Kd7 46. Qb7+ Kd6 47. Qxh7 Qe2+ 48. Ka5 Qa2+ 49. Kb4 Qd2+ 50. Kc4 Qe2+ 51. Kd4 Qe5+ 52. Kd3 Qf5+ 53. Ke3 Qe5+ 54. Kf2 Qf5+ 55. Kg2 Qe4+ 56. Kh3 Qf5+ 57. Kg2 Qe4+ 58. Kh3 Qf5+ 59. g4 Qd3+ 60. Kg2 Qe4+ 0-1

[Event "Santander Region-ch"]
[Site "Bucaramanga"]
[Date "2010.12.18"]
[Round "2.1"]
[White "Camargo Zuniga, Nicolas"]
[Black "Ruiz Aguilar, Pablo Alexander"]
[Result "0-1"]
[WhiteElo "1927"]
[BlackElo "2306"]
[PlyCount "106"]
[EventDate "2010.12.17"]
[EventType "swiss"]
[EventRounds "8"]
[EventCountry "COL"]
[SourceTitle "EXT 2024"]
[Source "ChessBase"]
[SourceDate "2023.10.10"]
[SourceVersion "1"]
[SourceVersionDate "2023.10.10"]
[SourceQuality "1"]

1. d4 d5 2. Nf3 Nf6 3. e3 Bg4 4. Be2 e6 5. 0-0 Nbd7 6. Nbd2 Bd6 7. c4 c6 8. h3 Bh5 9. b3 0-0 10. Bb2 Qe7 11. Ne5 Bxe2 12. Qxe2 Ba3 13. Ndf3 Bxb2 14. Qxb2 Ne4 15. Nxd7 Qxd7 16. cxd5 exd5 17. Rac1 Rae8 18. Qc2 Re6 19. Ne5 Qe7 20. Nd3 Rh6 21. Nf4 g5 22. Ne2 f5 23. Qd3 Kh8 24. f3 Nd6 25. Ng3 Re6 26. Rfe1 Re8 27. Nf1 f4 28. Kf2 h5 29. Qd2 g4 30. exf4 gxh3 31. g3 Nf5 32. Re5 Rxe5 33. fxe5 Qg7 34. Qf4 Rf8 35. Re1 Nh6 36. Qh4 Qg4 37. Qxg4 hxg4 38. f4 Kg7 39. e6 Kf6 40. Re5 Nf5 41. Nh2 Rg8 42. Nf1 Rg7 43. Ne3 Nxe3 44. Rxe3 Rh7 45. Kg1 Re7 46. Re5 Rxe6 47. Rg5 Re1+ 48. Kh2 Re2+ 49. Kg1 Rg2+ 50. Kh1 Rxg3 51. Kh2 Rg2+ 52. Kh1 Rxa2 53. Rxg4 Rd2 0-1